|
|
|
|
| LEADER |
00982nam a2200241 a 4500 |
| 001 |
2104024 |
| 008 |
090514s1992 th b 000 0 eng d |
| 010 |
|
|
|a 95945219
|
| 020 |
|
|
|a 9748874079
|
| 040 |
|
|
|a DLC
|c DLC
|
| 245 |
0 |
0 |
|a Agrarian policy crises in Asia :
|b our lands, our lives /
|c editor, Buddhadeb Chaudhuri.
|
| 246 |
3 |
0 |
|a Our lands, our lives
|
| 260 |
|
|
|a Bangkok :
|b Asian Cultural Forum on Development,
|c 1992.
|
| 300 |
|
|
|a xii, 387 p. ;
|c 22 cm.
|
| 504 |
|
|
|a Includes bibliographical references.
|
| 541 |
1 |
|
|e 00004738
|
| 650 |
|
0 |
|a Agriculture and state
|z Asia.
|
| 650 |
|
0 |
|a Agriculture
|x Economic aspects
|z Asia.
|
| 700 |
1 |
|
|a Chaudhuri, Buddhadeb,
|d 1943-
|
| 710 |
2 |
|
|a Asian Cultural Forum on Development.
|
| 852 |
4 |
|
|a <add library>
|j <shelf mark>
|
| 999 |
|
|
|c 726
|d 726
|
| 952 |
|
|
|0 0
|1 0
|2 ddc
|4 0
|6 338_109540000000000_AGR_1992
|7 0
|9 669
|a BRACUL
|b BRACUL
|c GEN
|d 2009-05-17
|g 0.00
|l 0
|o 338.10954 AGR
|p 3010004738
|r 2009-05-17
|t 1
|w 2009-05-17
|y BK
|x No price found in the accession register.
|